| Tag |
First Indicator |
Second Indicator |
Subfields |
| LEADER |
00000cas a2200000M 4500 |
| 001 |
in00000062431 |
| 005 |
20230613163152.6 |
| 008 |
750726d19331960oruar 0 0eng d |
| 019 |
|
|
|a 34785045
|a 223533062
|
| 029 |
1 |
|
|a AU@
|b 000024611934
|
| 035 |
|
|
|a (OCoLC)ocm01479752
|
| 035 |
|
|
|a (OCoLC)1479752
|z (OCoLC)34785045
|z (OCoLC)223533062
|
| 035 |
|
|
|a (OCoLC)ocm01479752
|
| 040 |
|
|
|a MUL
|b eng
|c MUL
|d EEM
|d OCL
|d OCLCQ
|d KUK
|d CUV
|d OCLCF
|d OCLCO
|d OCLCQ
|d OCLCO
|
| 043 |
|
|
|a n-us---
|
| 050 |
|
4 |
|a SF221
|b .A4
|
| 110 |
2 |
|
|a American Dairy Science Association, Western Division.
|
| 245 |
1 |
0 |
|a Proceedings of the ... annual meeting.
|
| 264 |
|
1 |
|a Portland, Ore. :
|b Western Division, Dairy Science Association
|
| 300 |
|
|
|a 23 volumes ;
|c 28 cm
|
| 310 |
|
|
|a Annual
|
| 336 |
|
|
|a text
|b txt
|2 rdacontent
|
| 337 |
|
|
|a unmediated
|b n
|2 rdamedia
|
| 338 |
|
|
|a volume
|b nc
|2 rdacarrier
|
| 362 |
0 |
|
|a 19th-41st; Oct. 22, 1933-June 19, 1960.
|
| 500 |
|
|
|a Proceedings held annually at the Multnomah Hotel, Portland Oregon, 1939-<1941>; proceedings held at various universities and colleges, <1947>-1960.
|
| 500 |
|
|
|a 1947-<1951> meetings held jointly with Western Section, American Society of Animal Production.
|
| 500 |
|
|
|a After 1960 no more papers to be printed in proceedings, and therefore proceedings are to be distributed to members only.
|
| 650 |
|
0 |
|a Dairying
|v Periodicals.
|
| 650 |
|
7 |
|a Dairying.
|2 fast
|0 (OCoLC)fst00887030
|
| 655 |
|
7 |
|a Periodicals.
|2 fast
|0 (OCoLC)fst01411641
|
| 710 |
2 |
|
|a American Society of Animal Production.
|b Western Section.
|
| 776 |
0 |
8 |
|i Online version:
|a American Dairy Science Association, Western Division.
|t Proceedings
|w (OCoLC)618867167
|
| 780 |
0 |
0 |
|a American Dairy Science Association. Western Division.
|t Minutes ... annual meeting
|w (OCoLC)42340499
|
| 785 |
0 |
0 |
|a American Dairy Science Association. Western Division.
|t Record ... annual meeting
|w (OCoLC)367316476
|
| 948 |
|
|
|h HELD BY TXA - 42 OTHER HOLDINGS
|
| 994 |
|
|
|a Z0
|b TXA
|
| 999 |
f |
f |
|s bbdfad88-d6c8-3d98-9d6c-f1422cb06911
|i 0cb176ab-5c1a-377a-9d14-2f60a14f8769
|t 0
|
| 952 |
f |
f |
|p ric
|a Texas A&M University
|b Rellis Campus
|c Joint Library Facility
|d Remote Storage
|t 0
|e SF221 .A4
|h Library of Congress classification
|i unmediated -- volume
|k 30th
|l 1949
|m A14851998006
|
| 952 |
f |
f |
|p ric
|a Texas A&M University
|b Rellis Campus
|c Joint Library Facility
|d Remote Storage
|t 0
|e SF221 .A4
|h Library of Congress classification
|i unmediated -- volume
|k 36th-37th
|l 1955-1956
|m A14851997610
|
| 952 |
f |
f |
|p ric
|a Texas A&M University
|b Rellis Campus
|c Joint Library Facility
|d Remote Storage
|t 0
|e SF221 .A4
|h Library of Congress classification
|i unmediated -- volume
|k 34th-35th
|l 1953-1954
|m A14851997743
|
| 952 |
f |
f |
|p ric
|a Texas A&M University
|b Rellis Campus
|c Joint Library Facility
|d Remote Storage
|t 0
|e SF221 .A4
|h Library of Congress classification
|i unmediated -- volume
|k 29th
|l 1948
|m A14851997479
|
| 952 |
f |
f |
|p ric
|a Texas A&M University
|b Rellis Campus
|c Joint Library Facility
|d Remote Storage
|t 0
|e SF221 .A4
|h Library of Congress classification
|i unmediated -- volume
|k 31st-33rd
|l 1950-1952
|m A14851997875
|
| 952 |
f |
f |
|p ric
|a Texas A&M University
|b Rellis Campus
|c Joint Library Facility
|d Remote Storage
|t 0
|e SF221 .A4
|h Library of Congress classification
|i unmediated -- volume
|k 21st-23rd
|l 1935-1937
|m A14851997602
|
| 952 |
f |
f |
|p ric
|a Texas A&M University
|b Rellis Campus
|c Joint Library Facility
|d Remote Storage
|t 0
|e SF221 .A4
|h Library of Congress classification
|i unmediated -- volume
|k 38th-41st
|l 1957-1960
|m A14841225098
|
| 952 |
f |
f |
|p ric
|a Texas A&M University
|b Rellis Campus
|c Joint Library Facility
|d Remote Storage
|t 0
|e SF221 .A4
|h Library of Congress classification
|i unmediated -- volume
|k 24th-27th
|l 1938/1941
|m A14835699166
|
| 998 |
f |
f |
|a SF221 .A4
|s 29th (1948)-41st (1960)
|t 0
|l Remote Storage
|